[Event "46th OKU-A 2019"]
[Site "Utrecht"]
[Date "2019.06.01"]
[Round "4.10"]
[White "Sekandar, Kambiz"]
[Black "Reichardt, Robin"]
[Result "*"]
[WhiteElo "2193"]
[BlackElo "1925"]
[Annotator "RC"]
[PlyCount "59"]
[EventDate "2019.05.31"]
[EventType "swiss"]
[EventCountry "NED"]
[SourceTitle "playchess.com"]
[Source "ChessBase"]
[SourceQuality "1"]
[TimeControl "6600+10"]

1. e4 {[%emt 0:00:00]} e5 {[%emt 0:00:01]} 2. Nf3 {[%emt 0:00:06]} Nc6 {[%emt 0:00:16]} 3. Bc4 {[%emt 0:00:05]} Nf6 {[%emt 0:00:08]} 4. d3 {[%emt 0:00:03]} Be7 {[%emt 0:00:22]} 5. O-O {[%emt 0:00:18]} O-O {[%emt 0:00:36]} 6. c3 {[%emt 0:00:11]} d5 {[%emt 0:03:25]} 7. exd5 {[%emt 0:00:15]} Nxd5 {[%emt 0:00:21]} 8. Re1 {[%emt 0:00:19]} Be6 {[%emt 0:07:03]} 9. Nbd2 {[%emt 0:06:14]} f6 {[%emt 0:14:10]} 10. d4 {[%emt 0:04:08]} Bf7 {[%emt 0:04:04]} 11. dxe5 {[%emt 0:01:13]} Nxe5 {[%emt 0:01:06]} 12. Nxe5 {[%emt 0:00:16]} fxe5 {[%emt 0:00:06]} 13. Nf3 {[%emt 0:02:52]} Bf6 {[%emt 0:06:55]} 14. Nxe5 {[%emt 0:05:02]} Bxe5 {[%emt 0:01:39]} 15. Rxe5 {[%emt 0:00:08]} Nxc3 {[%emt 0:05:46]} 16. Bxf7+ {[%emt 0:00:24]} Rxf7 {[%emt 0:00:42]} 17. Qxd8+ {[%emt 0:00:14]} Rxd8 {[%emt 0:00:20]} 18. Bg5 {[%emt 0:06:00]} Rd5 {[%emt 0:07:46]} 19. Rae1 {[%emt 0:02:57]} Rxe5 {[%emt 0:07:40]} 20. Rxe5 {[%emt 0:00:42]} Rd7 {[%emt 0:04:44]} 21. h4 {[%emt 0:00:45]} Nxa2 {[%emt 0:02:15]} 22. Ra5 {[%emt 0:00:14]} Nb4 {[%emt 0:01:09]} 23. Rxa7 {[%emt 0:00:13]} c6 {[%emt 0:02:31]} 24. Be3 {[%emt 0:01:43]} Kf7 {[%emt 0:03:49]} 25. g4 {[%emt 0:01:42]} Nd3 {[%emt 0:04:51]} 26. Ra4 {[%emt 0:07:04]} Nxb2 {[%emt 0:07:00]} 27. Rf4+ {[%emt 0:01:04]} Ke6 {[%emt 0:01:42]} 28. Re4+ {[%emt 0:01:13]} Kf7 {[%emt 0:04:56]} 29. Rf4+ {[%emt 0:00:51]} Ke6 {[%emt 0:00:06]} 30. Re4+ {[%emt 0:00:13] Ke5 [%clk 00:18:14] [%emt 00:00:32]} *

[Event "46th OKU-A 2019"]
[Site "Utrecht"]
[Date "2019.06.01"]
[Round "4.11"]
[White "Cornelisse, John"]
[Black "Veenendaal, Loek"]
[Result "1-0"]
[WhiteElo "2204"]
[BlackElo "1925"]
[Annotator "TA"]
[PlyCount "75"]
[EventDate "2019.05.31"]
[EventType "swiss"]
[EventCountry "NED"]
[SourceTitle "playchess.com"]
[Source "ChessBase"]
[SourceQuality "1"]

{[%evp 15,75,8,36,14,94,84,99,91,112,104,102,45,37,40,41,34,43,43,45,30,58,29,34,38,58,59,74,72,66,56,89,60,123,115,111,56,56,0,118,118,120,65,66,-3,26,29,69,97,297,239,404,165,879,873,1229,1221,1279,1259,1485,1486,29998,29999]} 1. d4 Nf6 2. c4 e6 3. Nc3 Bb4 4. e3 b6 5. Nge2 Bb7 6. a3 Bxc3+ 7. Nxc3 O-O 8. d5 d6 9. Be2 {E44: Nimzo-Indian: Rubinstein: 4...b6 5 Ne2} e5 (9... exd5 $11 {remains equal.} 10. cxd5 c6) (9... Nbd7 10. O-O a5 11. Rb1 a4 12. dxe6 fxe6 13. Nxa4 Ne4 14. f3 Bc6 15. Nc3 Nxc3 16. bxc3 Qf6 {1-0 (39) El Debs,F (2527)-Cori Tello,J (2549) Montevideo 2015}) 10. e4 $16 Nbd7 11. O-O {White is better.} Re8 $146 ({Predecessor:} 11... Nc5 12. Qc2 a5 13. f4 Qe7 14. f5 Nfd7 15. b3 Qh4 16. Be3 Nf6 {1-0 (34) Kapnisis,S (2419)-Tziallilas,K (2079) Litohoro 2006}) 12. Bd3 Nf8 13. f4 (13. Be3 $16) 13... exf4 $14 14. Bxf4 N6d7 15. Qh5 f6 16. Bc2 Re7 17. Nb5 Ne5 18. b3 {[%cal Bb2b3,Bb3b4][%mdl 32]} Bc8 {[#] White must now prevent ...Bg4.} 19. h3 Bd7 20. Nd4 Qe8 21. Qe2 a6 22. b4 Rd8 23. Rac1 c5 (23... Nfg6 $14) 24. dxc6 $1 $16 Nxc6 25. Nf3 (25. Qf2 $16) 25... Ne5 $14 26. Nd4 ({Better is} 26. Be3 $14) 26... Nc6 $16 27. Qe3 Ne5 28. Bb3 (28. Bxe5 $16 Rxe5 29. Nf3 {[%mdl 64] Discovered Attack}) 28... Kh8 29. Ne2 (29. Bg3 $14) 29... Neg6 30. Nc3 $36 {[%mdl 2048] White has the initiative.} Bc6 {[%cal Rc6e4]} 31. Qxb6 Bxe4 $2 (31... Nxf4 $16 32. Rxf4 Rb8) 32. Bxd6 $18 Re6 $2 (32... Rb7 33. Qxd8 {[%mdl 64] Deflection} (33. Qxa6 Ra8 $14) 33... Qxd8 34. Nxe4 Qe8) 33. c5 (33. Nxe4 $142 Rxe4 34. c5 (34. Qxa6 Re2 $11)) 33... Nh4 $2 (33... Bxg2 34. Kxg2 Nh4+ 35. Kf2 Qh5) 34. Bxe6 Nxe6 35. Nxe4 Qg6 36. Ng3 Qg5 37. Rce1 {Qxd8+! would kill now.} Qd2 {[#]} 38. Qxd8+ $1 {[%mdl 64] Remove Defender, Back Rank. Accuracy: White = 30%, Black = 32%.} 1-0

[Event "46th OKU-A 2019"]
[Site "Utrecht"]
[Date "2019.06.01"]
[Round "4.12"]
[White "Boogaard, Sander"]
[Black "Tabak, Stefan"]
[Result "0-1"]
[WhiteElo "2095"]
[BlackElo "2183"]
[Annotator "TA"]
[PlyCount "58"]
[EventDate "2019.05.31"]
[EventType "swiss"]
[EventCountry "NED"]
[SourceTitle "playchess.com"]
[Source "ChessBase"]
[SourceQuality "1"]

{[%evp 17,92,31,22,20,27,-17,-24,-34,-41,-98,12,13,15,14,27,20,11,18,28,34,112,108,105,3,0,0,35,-72,-52,-68,-70,-68,-77,-261,-233,-695,-662,-682,-676,-669,-661,-581,-504,-522,-527,-487,-431,-587,-571,-451,-400,-368,-360,-444,-444,-458,-441,-461,-427,-600,-537,-838,-814,-704,-615,-1081,-1006,-1560,-1561,-1529,-333,-1493,-1490,-2437,-2447,-1933,-1866]} 1. e4 c5 2. Nf3 Nc6 3. d4 cxd4 4. Nxd4 e5 5. Nb5 d6 6. N1c3 a6 7. Na3 b5 {[%cal Bb7b5,Bb5b4][%mdl 32]} 8. Nd5 Nge7 9. Bg5 h6 10. Be3 {Bb6 is the strong threat. B32: Sicilian: Löwenthal and Kalashnikov Variations} (10. Bxb5 axb5 11. Nxb5 f6 12. Nxf6+ gxf6 13. Nxd6+ Qxd6 14. Qxd6 hxg5 15. Qxf6 Rh6 16. Qxg5 Rg6 17. Qd2 Rxg2 18. c3 Bg4 19. Qg5 {½-½ (40) Mozharov,M (2552)-Popov,I (2650) Voronezh 2014}) 10... Nxd5 11. Qxd5 Bb7 12. c4 {Black has an edge.} b4 $146 ({Predecessor:} 12... Na5 13. Qd3 b4 14. Nc2 Rc8 15. b3 Nc6 16. Be2 Be7 17. O-O O-O {½-½ (27) Gallant,J (1680)-Daniel,J (1964) Gorges 2007}) 13. Nc2 ({White should play} 13. Nb1 $1 $15) 13... Qc7 (13... Nd4 $1 $17 {[%cal Rd4c2]} 14. Qxb7 Rb8 15. Qxb8 Nxc2+ 16. Kd2 Qxb8 17. Kxc2 Be7) 14. Qd3 $11 Be7 15. Be2 O-O 16. O-O a5 17. f3 Rae8 18. a3 f5 (18... Ra8 $14) 19. exf5 $16 e4 20. Qd5+ ({Worse is} 20. Qxe4 Ne5 $17) (20. Qb3 $16) 20... Kh8 $11 21. Qb5 {[%cal Ra3b4]} Bf6 22. f4 (22. axb4 $14 {stays ahead.} axb4 23. Rad1 (23. Nxb4 $2 Bd4 $19)) 22... Bxb2 $17 23. Ra2 Bc3 24. axb4 axb4 25. g4 $2 {[#]} (25. Rd1 $17) 25... Rb8 $1 $19 26. Na1 $2 (26. Bb6 Qe7 27. Be3) 26... Nd4 27. Bxd4 Bxd4+ 28. Kg2 e3+ 29. Kg3 {[#]} Bc6 {Played: Bb7-g2} 0-1

[Event "46th OKU-A 2019"]
[Site "Utrecht"]
[Date "2019.06.02"]
[Round "5.1"]
[White "Warmerdam, Max"]
[Black "Ten Hertog, Hugo"]
[Result "0-1"]
[WhiteElo "2476"]
[BlackElo "2480"]
[Annotator "ChessBase"]
[PlyCount "82"]
[EventDate "2019.05.31"]
[EventType "swiss"]
[EventCountry "NED"]
[SourceTitle "playchess.com"]
[Source "ChessBase"]
[SourceQuality "1"]
[TimeControl "6600+10"]

1. d4 {[%emt 0:09:08]} g6 {[%emt 0:00:53]} 2. c4 {[%emt 0:00:09]} Bg7 {[%emt 0:00:02]} 3. Nc3 {[%emt 0:00:06]} d6 {[%emt 0:00:26]} 4. Nf3 {[%emt 0:00:05]} Nd7 {[%emt 0:01:07]} 5. e4 {[%emt 0:00:46]} e5 {[%emt 0:00:45]} 6. Be3 {[%emt 0:00:15]} Ngf6 {[%emt 0:10:06]} 7. d5 {[%emt 0:01:44]} Nc5 {[%emt 0:14:44]} 8. Qc2 {[%emt 0:29:04]} Ng4 {[%emt 0:06:20]} 9. Bg5 {[%emt 0:02:44]} f6 {[%emt 0:00:13]} 10. Bh4 {[%emt 0:00:21]} g5 {[%emt 0:00:38]} 11. h3 {[%emt 0:01:13]} Nh6 {[%emt 0:01:44]} 12. Bg3 {[%emt 0:00:00]} f5 {[%emt 0:00:17]} 13. h4 {[%emt 0:03:02]} g4 {[%emt 0:05:03]} 14. Ng5 {[%emt 0:00:12]} f4 {[%emt 0:19:01]} 15. Bh2 {[%emt 0:00:37]} Ng8 {[%emt 0:03:24]} 16. b4 {[%emt 0:03:22]} h6 {[%emt 0:05:34]} 17. Nf3 {[%emt 0:19:19]} gxf3 {[%emt 0:03:12]} 18. bxc5 {[%emt 0:00:03]} fxg2 {[%emt 0:02:59]} 19. Bxg2 {[%emt 0:00:09]} dxc5 {[%emt 0:00:11]} 20. Bf3 {[%emt 0:01:46]} Nf6 {[%emt 0:01:42]} 21. Rg1 {[%emt 0:01:26]} O-O {[%emt 0:06:27]} 22. O-O-O {[%emt 0:02:08]} Ne8 {[%emt 0:03:53]} 23. Bh5 {[%emt 0:04:31]} Nd6 {[%emt 0:02:46]} 24. f3 {[%emt 0:00:53]} Bh3 {[%emt 0:04:38]} 25. Bg4 {[%emt 0:02:05]} Bxg4 {[%emt 0:05:19]} 26. Rxg4 {[%emt 0:00:06]} Nxc4 {[%emt 0:00:16]} 27. Rdg1 {[%emt 0:01:22]} Rf7 {[%emt 0:00:04]} 28. Nd1 {[%emt 0:00:28]} b5 {[%emt 0:02:50]} 29. Qg2 {[%emt 0:00:28]} Qf8 {[%emt 0:01:27]} 30. Rg6 {[%emt 0:02:17]} Kh8 {[%emt 0:00:22]} 31. Qg4 {[%emt 0:01:03]} Rb8 {[%emt 0:00:40]} 32. Qh5 {[%emt 0:02:51]} Rb6 {[%emt 0:01:05]} 33. Nf2 {[%emt 0:05:45]} Rxg6 {[%emt 0:01:37]} 34. Rxg6 {[%emt 0:00:16]} Ne3 {[%emt 0:00:39]} 35. Nh3 {[%emt 0:00:22]} Rf6 {[%emt 0:01:49]} 36. Rxf6 {[%emt 0:01:11]} Bxf6 {[%emt 0:01:10]} 37. Ng5 {[%emt 0:01:21]} Bxg5 {[%emt 0:01:37]} 38. hxg5 {[%emt 0:00:01]} c4 {[%emt 0:00:01]} 39. d6 {[%emt 0:00:24]} Qxd6 {[%emt 0:00:22]} 40. Qe8+ {[%emt 0:00:15]} Kg7 {[%emt 0:00:07]} 41. gxh6+ {[%emt 0:00:19]} Kh7 {[%emt 0:00:30]} 0-1

[Event "46th OKU-A 2019"]
[Site "Utrecht"]
[Date "2019.06.02"]
[Round "5.2"]
[White "Burg, Twan"]
[Black "Miezis, Normunds"]
[Result "1-0"]
[WhiteElo "2519"]
[BlackElo "2456"]
[Annotator "ChessBase"]
[PlyCount "71"]
[EventDate "2019.05.31"]
[EventType "swiss"]
[EventCountry "NED"]
[SourceTitle "playchess.com"]
[Source "ChessBase"]
[SourceQuality "1"]
[TimeControl "6600+10"]

1. e4 {[%emt 0:00:00]} c5 {[%emt 0:00:05]} 2. Nf3 {[%emt 0:00:00]} e6 {[%emt 0:00:11]} 3. d4 {[%emt 0:00:00]} cxd4 {[%emt 0:00:11]} 4. Nxd4 {[%emt 0:00:02]} a6 {[%emt 0:00:11]} 5. c4 {[%emt 0:00:04]} Nf6 {[%emt 0:01:10]} 6. Nc3 {[%emt 0:00:06]} Bb4 {[%emt 0:00:35]} 7. Qd3 {[%emt 0:00:06]} O-O {[%emt 0:01:20]} 8. e5 {[%emt 0:00:12]} Ne8 {[%emt 0:00:17]} 9. Be2 {[%emt 0:00:09]} d6 {[%emt 0:00:55]} 10. Nc2 {[%emt 0:00:26]} Ba5 {[%emt 0:02:56]} 11. exd6 {[%emt 0:00:18]} Qxd6 {[%emt 0:00:32]} 12. Qxd6 {[%emt 0:00:05]} Nxd6 {[%emt 0:00:27]} 13. b4 {[%emt 0:00:05]} Bc7 {[%emt 0:00:40]} 14. O-O {[%emt 0:00:05]} Nc6 {[%emt 0:01:33]} 15. Rd1 {[%emt 0:01:27]} Nf5 {[%emt 0:01:57]} 16. Bb2 {[%emt 0:00:10]} Be5 {[%emt 0:03:36]} 17. Rab1 {[%emt 0:00:01]} f6 {[%emt 0:04:49]} 18. c5 {[%emt 0:01:34]} Nfd4 {[%emt 0:01:26]} 19. Nxd4 {[%emt 0:00:25]} Bxd4 {[%emt 0:00:57]} 20. Bc4 {[%emt 0:01:39]} Kh8 {[%emt 0:01:19]} 21. Ne4 {[%emt 0:01:06]} e5 {[%emt 0:00:38]} 22. Nd6 {[%emt 0:01:13]} g6 {[%emt 0:00:10]} 23. Bd5 {[%emt 0:13:00]} Nxb4 {[%emt 0:14:13]} 24. Bxd4 {[%emt 0:01:27]} Nxd5 {[%emt 0:00:10]} 25. Bxe5 {[%emt 0:01:00]} Nc7 {[%emt 0:00:31]} 26. Ba1 {[%emt 0:06:01]} Ne6 {[%emt 0:13:11]} 27. Ne4 {[%emt 0:08:34]} Kg7 {[%emt 0:04:05]} 28. Rb6 {[%emt 0:14:21]} Kh6 {[%emt 0:02:54]} 29. Bxf6 {[%emt 0:02:01]} a5 {[%emt 0:06:03]} 30. Rd3 {[%emt 0:15:34]} Nf4 {[%emt 0:03:19]} 31. Rf3 {[%emt 0:01:56]} Ne2+ {[%emt 0:02:03]} 32. Kf1 {[%emt 0:00:32]} Bg4 {[%emt 0:04:15]} 33. Bg5+ {[%emt 0:02:10]} Kh5 {[%emt 0:01:14]} 34. Rxf8 {[%emt 0:00:21]} Rxf8 {[%emt 0:00:45]} 35. Rxb7 {[%emt 0:01:05]} Rh8 {[%emt 0:02:06]} 36. h4 {[%emt 0:01:07]} 1-0

[Event "46th OKU-A 2019"]
[Site "Utrecht"]
[Date "2019.06.02"]
[Round "5.3"]
[White "Beerdsen, Thomas"]
[Black "Ondersteijn, Niels"]
[Result "1-0"]
[WhiteElo "2488"]
[BlackElo "2397"]
[Annotator "ChessBase"]
[PlyCount "71"]
[EventDate "2019.05.31"]
[EventType "swiss"]
[EventCountry "NED"]
[SourceTitle "playchess.com"]
[Source "ChessBase"]
[SourceQuality "1"]
[TimeControl "6600+10"]

1. e4 {[%emt 0:00:00]} e5 {[%emt 0:00:00]} 2. Nf3 {[%emt 0:00:08]} d6 {[%emt 0:00:06]} 3. d4 {[%emt 0:00:13]} exd4 {[%emt 0:00:08]} 4. Nxd4 {[%emt 0:00:05]} Nf6 {[%emt 0:00:08]} 5. Nc3 {[%emt 0:00:06]} Be7 {[%emt 0:00:07]} 6. g3 {[%emt 0:01:02]} d5 {[%emt 0:00:47]} 7. e5 {[%emt 0:00:13]} Ng4 {[%emt 0:00:10]} 8. Bg2 {[%emt 0:00:31]} O-O {[%emt 0:00:09]} 9. O-O {[%emt 0:00:31]} c5 {[%emt 0:00:26]} 10. Ndb5 {[%emt 0:00:06]} d4 {[%emt 0:00:15]} 11. Nd5 {[%emt 0:00:06]} Nc6 {[%emt 0:00:08]} 12. f4 {[%emt 0:01:03]} Nh6 {[%emt 0:02:06]} 13. Bd2 {[%emt 0:01:10]} a6 {[%emt 0:11:43]} 14. Nxe7+ {[%emt 0:00:51]} Qxe7 {[%emt 0:01:34]} 15. Nd6 {[%emt 0:00:06]} Bg4 {[%emt 0:07:39]} 16. Qe1 {[%emt 0:00:20]} f6 {[%emt 0:03:16]} 17. b4 {[%emt 0:00:07]} cxb4 {[%emt 0:05:59]} 18. Bxb4 {[%emt 0:02:38]} fxe5 {[%emt 0:11:47]} 19. Bxc6 {[%emt 0:11:16]} bxc6 {[%emt 0:00:35]} 20. Nf5 {[%emt 0:01:22]} Qd7 {[%emt 0:04:53]} 21. Nxh6+ {[%emt 0:00:10]} gxh6 {[%emt 0:00:08]} 22. Bxf8 {[%emt 0:00:07]} Rxf8 {[%emt 0:00:09]} 23. fxe5 {[%emt 0:02:58]} Bf5 {[%emt 0:06:07]} 24. Rf4 {[%emt 0:02:15]} Rf7 {[%emt 0:08:57]} 25. Qb4 {[%emt 0:07:50]} d3 {[%emt 0:04:02]} 26. cxd3 {[%emt 0:01:25]} Qxd3 {[%emt 0:00:51]} 27. Re1 {[%emt 0:00:42]} Qd5 {[%emt 0:03:04]} 28. Ref1 {[%emt 0:03:54]} Be6 {[%emt 0:02:07]} 29. Rxf7 {[%emt 0:02:45]} Bxf7 {[%emt 0:00:36]} 30. Qg4+ {[%emt 0:00:16]} Kh8 {[%emt 0:00:43]} 31. Rd1 {[%emt 0:07:19]} Qxe5 {[%emt 0:06:30]} 32. Rd8+ {[%emt 0:00:16]} Be8 {[%emt 0:00:07]} 33. Qd4 {[%emt 0:00:14]} Qxd4+ {[%emt 0:00:27]} 34. Rxd4 {[%emt 0:00:05]} Bg6 {[%emt 0:00:36]} 35. Kf2 {[%emt 0:01:04]} Kg7 {[%emt 0:01:27]} 36. Ke3 {[%emt 0:00:15]} 1-0

[Event "46th OKU-A 2019"]
[Site "Utrecht"]
[Date "2019.06.02"]
[Round "5.4"]
[White "Ootes, Lars"]
[Black "Arnaudov, G. Petar"]
[Result "0-1"]
[WhiteElo "2360"]
[BlackElo "2482"]
[Annotator "ChessBase"]
[PlyCount "90"]
[EventDate "2019.05.31"]
[EventType "swiss"]
[EventCountry "NED"]
[SourceTitle "playchess.com"]
[Source "ChessBase"]
[SourceQuality "1"]
[TimeControl "6600+10"]

1. e4 {[%emt 0:00:00]} c6 {[%emt 0:07:53]} 2. d3 {[%emt 0:00:29]} d5 {[%emt 0:00:11]} 3. Nd2 {[%emt 0:00:09]} e5 {[%emt 0:00:06]} 4. Ngf3 {[%emt 0:00:15]} Bd6 {[%emt 0:00:05]} 5. d4 {[%emt 0:00:12]} exd4 {[%emt 0:00:05]} 6. Bd3 {[%emt 0:00:10]} c5 {[%emt 0:00:55]} 7. exd5 {[%emt 0:05:07]} Nf6 {[%emt 0:00:08]} 8. O-O {[%emt 0:03:38]} O-O {[%emt 0:03:40]} 9. c4 {[%emt 0:01:06]} dxc3 {[%emt 0:00:43]} 10. bxc3 {[%emt 0:01:54]} Nxd5 {[%emt 0:00:30]} 11. Qc2 {[%emt 0:09:06]} h6 {[%emt 0:03:36]} 12. Rd1 {[%emt 0:07:04]} Be7 {[%emt 0:04:44]} 13. Nf1 {[%emt 0:14:22]} Nf6 {[%emt 0:03:45]} 14. Bc4 {[%emt 0:26:34]} Qe8 {[%emt 0:04:21]} 15. Bxh6 {[%emt 0:07:27]} gxh6 {[%emt 0:02:04]} 16. Qg6+ {[%emt 0:02:57]} Kh8 {[%emt 0:00:06]} 17. Qxh6+ {[%emt 0:00:05]} Nh7 {[%emt 0:00:10]} 18. Rd5 {[%emt 0:07:06]} Qc6 {[%emt 0:08:37]} 19. Qe3 {[%emt 0:03:37]} Qe6 {[%emt 0:00:12]} 20. Qd2 {[%emt 0:09:02]} f5 {[%emt 0:02:48]} 21. Re1 {[%emt 0:00:48]} Qf6 {[%emt 0:00:20]} 22. Ng3 {[%emt 0:01:35]} Nc6 {[%emt 0:04:16]} 23. Nh5 {[%emt 0:02:52]} Qg6 {[%emt 0:00:30]} 24. Nf4 {[%emt 0:00:19]} Qh6 {[%emt 0:00:18]} 25. h4 {[%emt 0:00:07]} Nf6 {[%emt 0:08:24]} 26. Ne5 {[%emt 0:01:04]} Nxe5 {[%emt 0:04:40]} 27. Rdxe5 {[%emt 0:00:02]} Rd8 {[%emt 0:02:20]} 28. Bd5 {[%emt 0:04:55]} Bd6 {[%emt 0:06:52]} 29. Bf3 {[%emt 0:00:04]} Be6 {[%emt 0:01:10]} 30. Rxe6 {[%emt 0:01:46]} Bxf4 {[%emt 0:00:10]} 31. Qb2 {[%emt 0:00:21]} Rd2 {[%emt 0:11:12]} 32. Qxb7 {[%emt 0:00:02]} Qxh4 {[%emt 0:00:14]} 33. Qxa8+ {[%emt 0:00:11]} Ng8 {[%emt 0:00:02]} 34. g3 {[%emt 0:00:55]} Bxg3 {[%emt 0:00:07]} 35. R6e2 {[%emt 0:00:09]} Bxf2+ {[%emt 0:01:04]} 36. Kf1 {[%emt 0:00:01]} Bxe1 {[%emt 0:00:37]} 37. Bd5 {[%emt 0:00:24]} Rxd5 {[%emt 0:00:49]} 38. Qxd5 {[%emt 0:00:02]} Bxc3 {[%emt 0:00:09]} 39. Rf2 {[%emt 0:00:22]} Ne7 {[%emt 0:01:45]} 40. Qd8+ {[%emt 0:00:10]} Kh7 {[%emt 0:00:02]} 41. Qc7 {[%emt 0:00:06]} Qh1+ {[%emt 0:00:43]} 42. Ke2 {[%emt 0:00:01]} Qe1+ {[%emt 0:00:14]} 43. Kd3 {[%emt 0:00:04]} Qxf2 {[%emt 0:00:19]} 44. Qxe7+ {[%emt 0:00:02]} Bg7 {[%emt 0:00:09]} 45. Qf7 {[%emt 0:00:01]} c4+ {[%emt 0:00:21] Kd4 [%emt 00:00:08]} 0-1

[Event "46th OKU-A 2019"]
[Site "Utrecht"]
[Date "2019.06.02"]
[Round "5.5"]
[White "Van Kerkhof, David"]
[Black "Meng, Roger"]
[Result "1/2-1/2"]
[WhiteElo "2376"]
[BlackElo "2443"]
[Annotator "ChessBase"]
[PlyCount "50"]
[EventDate "2019.05.31"]
[EventType "swiss"]
[EventCountry "NED"]
[SourceTitle "playchess.com"]
[Source "ChessBase"]
[SourceQuality "1"]
[TimeControl "6600+10"]

1. e4 {[%emt 0:01:26]} g6 {[%emt 0:02:23]} 2. d4 {[%emt 0:01:49]} Bg7 {[%emt 0:00:06]} 3. Nc3 {[%emt 0:00:04]} d6 {[%emt 0:00:04]} 4. f4 {[%emt 0:00:02]} Nf6 {[%emt 0:03:30]} 5. Nf3 {[%emt 0:00:16]} O-O {[%emt 0:00:05]} 6. Bd3 {[%emt 0:00:13]} Nc6 {[%emt 0:00:47]} 7. e5 {[%emt 0:00:32]} dxe5 {[%emt 0:00:50]} 8. dxe5 {[%emt 0:00:08]} Nd5 {[%emt 0:00:58]} 9. Qe2 {[%emt 0:03:18]} Bg4 {[%emt 0:09:55]} 10. Be3 {[%emt 0:10:20]} Ncb4 {[%emt 0:14:42]} 11. Be4 {[%emt 0:11:27]} Nxe3 {[%emt 0:05:55]} 12. Qxe3 {[%emt 0:01:08]} f5 {[%emt 0:00:03]} 13. exf6 {[%emt 0:10:00]} exf6 {[%emt 0:00:13]} 14. a3 {[%emt 0:17:09]} f5 {[%emt 0:00:32]} 15. axb4 {[%emt 0:00:24]} fxe4 {[%emt 0:00:58]} 16. Nxe4 {[%emt 0:01:06]} Qe7 {[%emt 0:21:56]} 17. O-O {[%emt 0:03:34]} Qxb4 {[%emt 0:00:08]} 18. c3 {[%emt 0:03:24]} Qb6 {[%emt 0:07:36]} 19. Qxb6 {[%emt 0:02:17]} axb6 {[%emt 0:02:04]} 20. Ne5 {[%emt 0:01:51]} Be6 {[%emt 0:03:32]} 21. Rxa8 {[%emt 0:01:05]} Rxa8 {[%emt 0:00:01]} 22. Rd1 {[%emt 0:00:15]} Bf5 {[%emt 0:01:59]} 23. Ng3 {[%emt 0:02:27]} Be6 {[%emt 0:00:13]} 24. Ne4 {[%emt 0:00:19]} Bf5 {[%emt 0:00:04]} 25. Ng3 {[%emt 0:00:06]} Be6 {[%emt 0:00:03]} 1/2-1/2

[Event "46th OKU-A 2019"]
[Site "Utrecht"]
[Date "2019.06.02"]
[Round "5.6"]
[White "Lalic, Bogdan"]
[Black "Jansen, Bob"]
[Result "1-0"]
[WhiteElo "2400"]
[BlackElo "2148"]
[Annotator "ChessBase"]
[PlyCount "87"]
[EventDate "2019.05.31"]
[EventType "swiss"]
[EventCountry "NED"]
[SourceTitle "playchess.com"]
[Source "ChessBase"]
[SourceQuality "1"]
[TimeControl "6600+10"]

1. d4 {[%emt 0:03:43]} Nf6 {[%emt 0:00:00]} 2. c4 {[%emt 0:00:04]} c5 {[%emt 0:00:00]} 3. d5 {[%emt 0:00:04]} e6 {[%emt 0:00:02]} 4. Nc3 {[%emt 0:00:04]} exd5 {[%emt 0:00:05]} 5. cxd5 {[%emt 0:00:05]} d6 {[%emt 0:00:05]} 6. Nf3 {[%emt 0:00:05]} g6 {[%emt 0:00:05]} 7. Nd2 {[%emt 0:00:03]} Nbd7 {[%emt 0:03:00]} 8. e4 {[%emt 0:00:07]} Bg7 {[%emt 0:06:45]} 9. Be2 {[%emt 0:00:08]} O-O {[%emt 0:00:44]} 10. O-O {[%emt 0:00:06]} a6 {[%emt 0:01:37]} 11. a4 {[%emt 0:00:08]} Rb8 {[%emt 0:05:41]} 12. f4 {[%emt 0:00:27]} Ne8 {[%emt 0:08:11]} 13. Kh1 {[%emt 0:00:32]} b6 {[%emt 0:04:57]} 14. Qc2 {[%emt 0:01:49]} f5 {[%emt 0:14:18]} 15. exf5 {[%emt 0:00:14]} gxf5 {[%emt 0:00:06]} 16. Bd3 {[%emt 0:00:55]} Qf6 {[%emt 0:06:49]} 17. Nd1 {[%emt 0:00:45]} Rf7 {[%emt 0:08:00]} 18. Ne3 {[%emt 0:00:14]} Nf8 {[%emt 0:00:14]} 19. Rb1 {[%emt 0:01:43]} b5 {[%emt 0:05:06]} 20. axb5 {[%emt 0:00:07]} axb5 {[%emt 0:00:05]} 21. b3 {[%emt 0:00:05]} Qc3 {[%emt 0:03:34]} 22. Nf3 {[%emt 0:00:07]} Qxc2 {[%emt 0:04:48]} 23. Bxc2 {[%emt 0:00:02]} Bc3 {[%emt 0:02:24]} 24. Ng5 {[%emt 0:05:17]} Rf6 {[%emt 0:02:12]} 25. Nd1 {[%emt 0:00:06]} Bd4 {[%emt 0:02:48]} 26. Nf3 {[%emt 0:00:05]} Bb7 {[%emt 0:00:53]} 27. Nxd4 {[%emt 0:00:09]} cxd4 {[%emt 0:00:06]} 28. Bb2 {[%emt 0:00:06]} Bxd5 {[%emt 0:05:40]} 29. Bxd4 {[%emt 0:00:06]} Rf7 {[%emt 0:01:12]} 30. Ne3 {[%emt 0:00:27]} Be6 {[%emt 0:01:23]} 31. g4 {[%emt 0:03:28]} fxg4 {[%emt 0:11:28]} 32. f5 {[%emt 0:00:05]} Bc8 {[%emt 0:00:33]} 33. Nxg4 {[%emt 0:00:07]} Bb7+ {[%emt 0:00:07]} 34. Kg1 {[%emt 0:00:05]} Nd7 {[%emt 0:00:26]} 35. Nh6+ {[%emt 0:00:09]} Kf8 {[%emt 0:00:04]} 36. Nxf7 {[%emt 0:00:13]} Kxf7 {[%emt 0:00:04]} 37. Rbe1 {[%emt 0:02:35]} Nef6 {[%emt 0:00:19]} 38. Re3 {[%emt 0:00:02]} Ne5 {[%emt 0:03:12]} 39. Bd1 {[%emt 0:00:32]} Ne4 {[%emt 0:01:13]} 40. Bxe5 {[%emt 0:00:13]} dxe5 {[%emt 0:00:08]} 41. Bf3 {[%emt 0:00:50]} Rg8+ {[%emt 0:02:12]} 42. Kh1 {[%emt 0:00:04]} Nd2 {[%emt 0:00:59]} 43. Bxb7 {[%emt 0:00:06]} Nxf1 {[%emt 0:00:06]} 44. Re1 {[%emt 0:00:17]} 1-0